Lower Triassic salt range nautiloids /

Saved in:
Bibliographic Details
Main Author: Kummel, Bernhard, 1919-
Format: Book
Language:English
Published: Cambridge, Mass. : Museum of Comparative Zoology, 1953.
Series:Breviora ; no. 20..
Subjects:
Tags: Add Tag
No Tags, Be the first to tag this record!
LEADER 00737nam a2200241Ia 4500
001 005204501-3
005 20020606095253.2
008 811012s1953 maua 000 0 eng d
035 0 |a ocm07840517 
040 |a GPM  |c GPM  |d HMZ 
090 |a QL1  |b .B74 no.20 
100 1 |a Kummel, Bernhard,  |d 1919- 
245 1 0 |a Lower Triassic salt range nautiloids /  |c by Bernhard Kummel. 
260 |a Cambridge, Mass. :  |b Museum of Comparative Zoology,  |c 1953. 
300 |a 8 p., [2] leaves of plates :  |b ill. ;  |c 24 cm. 
490 1 |a Breviora ;  |v no. 20. 
500 |a Caption title. 
504 |a Bibliography: p. 8. 
650 0 |a Nautiloidea, Fossil. 
650 0 |a Paleontology  |y Triassic. 
830 0 |a Breviora ;  |v no. 20.. 
988 |a 20020608 
906 |0 OCLC